000 00915nam a22001937a 4500
999 _c165634
_d165634
005 20230714144132.0
010 _aUR-10242
020 _a9789387539853
_c250.00
035 _aU-8797
037 _bDBAD/PUB
082 _a020.685
100 _aشيخ نيا ز ا لد ين صا بر ی
245 _aيو نيو ر سٹی آ ف حيد ر آ با د کی آ ئ جی ا يم لا يبر ير ی ميں مخز و نہ عصمت ر سا لہ کا و ض حتی ا شا ريہ /
_cشيخ نيا ز ا لد ين صا بر ی
246 _bUniversity of Hyderabad ki IGM Library mein Makhzuna Ismat Risala ka Wazahati Isharia(Urdu) /
_aby Shaikh Niyazuddin Saberi
260 _aDelhi
_bEducational Publishing House
_c2018ء
270 _a3191،Vakil Street,Kucha Pandit,Lal Kuan,
_bDelhi
_e110006
_k23216162
_l00911123211540
300 _a192 ص
_c22cm(Hb)
942 _2ddc
_cUR
_h020.685
_mش ے خ